000 01384nkm a2200289 i 4500
001 3807
003 ES-MaACL
005 20250713062826.0
007 khrbo
008 070611s1986 sp --- g |001||spa d
100 0 _aAlfonso,
_d1902-1990
_919858
245 1 0 _aPresentación del libro "Del oficio de poetastros, pintamonas y cronicantores" de José María Martínez Laseca, Jaime del Huerto Villaplana, José María Pèz Balgañón [
_hFotografía] /
_cAlfonso (sello).
260 _a[S.l. :
_bs.n.],
_c1986.
300 _a4 fot. :
_bb. y n. ;
_c12 x 18 cm.
500 _aDatos basados en invitación.
511 0 _aIntervienen: José María Martínez Laseca, Jaime del Huerto Villaplana, José María Pèz Blagañón, Manuel Núñez Encabo.
518 _aActo organizado por el Ateneo de Madrid, celebrado en la sala de conferencias el miércoles, 21 de mayo de 1986, a las 20:00 h.
600 1 4 _aMartínez Laseca, José María.
_978177
600 1 4 _aHuerto Villaplana, Jaime del.
_964580
600 0 4 _aPáez Balgañón, José María.
_988232
600 1 4 _aNúñez Encabo, Manuel
_986195
610 2 4 _aAteneo de Madrid-
_xActos culturales-
_y1986-
_vFotografías.
_91901
710 2 _aAteneo de Madrid.
_91875
852 _aES-MaACL
_jFOT 128/1986
856 4 _uhttp://www.ateneodemadrid.net/biblioteca_digital/imagenes/1986/0128-1986.jpg
_zVer imagen
999 _c3807
_d3807